000 00289nam a22001337a 4500
008 170824b xxu||||| |||| 00| 0 eng d
020 _a9780697164001
041 _aeng
080 _a51
100 _a38
101 _aMAT
245 _aBEGINNING ALGEBRA
_cCHRISTY.D.T
942 _2udc
_cBK
999 _c24943
_d24943